| 000 | 00890nam0a2200277 4500 | ||
|---|---|---|---|
| 001 | RU\NLR\ONL1\16487 | ||
| 005 | 20250613122725.0 | ||
| 035 | _a(NLR Aleph) 009645225 | ||
| 090 |
_a9561630 _c9561630 |
||
| 100 | _a20100414d1928 |||y0rusy50 ca | ||
| 101 | 0 | _amdf | |
| 102 | _aRU | ||
| 105 | _aa ||||||||| | ||
| 200 | 1 |
_aКода зрелямс итнень урмада _fМайзель |
|
| 210 |
_aМ. _cЦентральное изд. нар. СССР _d1928 |
||
| 215 |
_a44,[4] с. _cил. _d17 |
||
| 541 | 1 |
_aКак беречь детей от болезней _zrus |
|
| 606 | 0 |
_aДети _xБолезни _xПрофилактика _9947715 _3RU\NLR\auth\66351706 |
|
| 686 | 1 | _aР73 | |
| 700 | 1 |
_aМайзель _4070 |
|
| 801 | 0 |
_aRU _bNLR _c20100414 _gPSBO |
|
| 852 |
_aNLR _bОНЛ _jМорд.м./2-243 |
||
| 942 | _cBOOK | ||
| 980 | _aNB | ||